| 000 | 00687nam a22001577a 4500 | ||
|---|---|---|---|
| 003 | OSt | ||
| 005 | 20150922142948.0 | ||
| 008 | 150922b xxu||||| |||| 00| 0 eng d | ||
| 040 | _cRUA | ||
| 082 | _aAGR BUN 2007 B035 Or.1 | ||
| 100 |
_91115 _aBUN LEANG HAK |
||
| 245 | _aCOMPARISON OF INTRODUCED AND LOCAL VARIETIES OF CRON AT ROYAL UNIVERSITY OF AGRICULTURE,(ការប្រៀបធៀបពូជពោតនំាចូល និងពូជក្នុងស្រុក នៅលក្ខខណ្ឌសាកលវិទ្យាល័យភូមិន្ទកសិកម្ម) | ||
| 260 |
_aphonm penh _bRUA _c2007 |
||
| 300 |
_axvi,79p. _cill. _g29cm. |
||
| 942 |
_2ddc _cAGR |
||
| 999 |
_c1068 _d1068 |
||